LEADER 01551nam--2200409---450- 001 990001018230203316 005 20100701102547.0 010 $a88-387-9390-5 035 $a0101823 035 $aUSA010101823 035 $a(ALEPH)000101823USA01 035 $a0101823 100 $a20020306d1989----km-y0itay0103----ba 101 $aita 102 $aIT 105 $a||||||||001yy 200 1 $a<> punto sui testi unici della riforma tributaria$etesto unico dell'imposta di registro, testo unico delle imposte sui redditi e relative norme di attuazione$eesame della più autorevole dottrina, esemplificazioni pratiche, normativa, chiarimenti ministeriali, giurisprudenza, bibliografia$fCalogero Vinci, Mario Gagliardi 210 $aRimini$cMaggioli$d1989 215 $a1163 p$d24 cm 225 2 $aPratica professionale$v68 410 $12001$aPratica professionale$v68 606 0 $aTributi$xRiforma$xLegislazione 676 $a343.4504 700 1$aVINCI,$bCalogero$0107166 701 1$aGAGLIARDI,$bMario$0107167 801 0$aIT$bsalbc$gISBD 912 $a990001018230203316 951 $aXXX.A. Coll. 156/ 3 (COLL. HNZ 68)$b65743/89 EC$cXXX.A. Coll. 156/ 3 (COLL. HNZ)$d00272638 959 $aBK 969 $aGIU 979 $aPATTY$b90$c20020306$lUSA01$h1245 979 $aPATTY$b90$c20020325$lUSA01$h1320 979 $c20020403$lUSA01$h1743 979 $aPATRY$b90$c20040406$lUSA01$h1710 979 $aRSIAV4$b90$c20100701$lUSA01$h1025 996 $aPunto sui testi unici della riforma tributaria$9974471 997 $aUNISA LEADER 01350nam a2200313 i 4500 001 991002943939707536 008 160712s2015 it b 001 0 fre d 020 $a9788884506672 035 $ab14258031-39ule_inst 040 $aDip. di Studi Umanistici$bita 041 0 $afre$alat 082 0 $a265 100 1 $aChave-Mahir, Florence$0716351 245 10$aRituel d'exorcisme ou manuel de magie? :$ble manuscrit Clm 10085 de la Bayerische Staatsbibliothek de Munich (début du XVe siècle) /$cFlorence Chave-Mahir, Julien Véronèse 260 3 $aFirenze :$bSISMEL, Edizioni del Galluzzo$c2015 300 $aXII, 231 p. :$bfacs. ;$c21 cm 440 0$aMicrologus' library ;$v73 440 0$aSalomon Latinus ;$v3 504 $aBibliografia: p. 209-215. Indici 546 $aIn francese con edizione della fonte in latino 650 04$aEsorcismi$xFormule$xStoria$ySec. 15. 650 04$aDemonologia$xStoria$ySec. 15. 700 1 $aVéronèse, Julien$eauthor$4http://id.loc.gov/vocabulary/relators/aut$0443824 907 $a.b14258031$b28-07-16$c12-07-16 912 $a991002943939707536 945 $aLE007 265 CHA 01.0$g1$i2007000273159$lle007$op$pE48.00$q-$rl$s- $t0$u0$v0$w0$x0$y.i15730463$z28-07-16 996 $aRituel d'exorcisme ou manuel de magie?$91465247 997 $aUNISALENTO 998 $ale007$b12-07-16$cm$da $e-$ffre$git $h0$i0 LEADER 01340nam--2200409---450- 001 990000450290203316 005 20071120122124.0 010 $a88-859-8722-2 035 $a0045029 035 $aUSA010045029 035 $a(ALEPH)000045029USA01 035 $a0045029 100 $a20010516h1994----km-y0itay50------ba 101 0 $aita 102 $aIT 105 $ay|||z|||001yy 200 1 $a<> leggenda dei mondiali e Il mestiere del calciatore$fGianni Brera 210 $aMilano$cBaldini & Castoldi$dcopyr. 1994 215 $a265 p.$d25 cm 225 2 $aStorie della storia d'Italia$v11 410 $12001$aStorie della storia d'Italia 606 0 $aCalcio $xCampionati mondiali$xStoria 676 $a796.3346609 700 1$aBRERA,$bGianni$f<1919-1992>$0443862 801 0$aIT$bsalbc$gISBD 912 $a990000450290203316 951 $aII.5. 4113(VARIE COLL. 1023/11)$b116656 L.M.$cII.5.$d00064769 959 $aBK 969 $aUMA 979 $aPATTY$b90$c20010516$lUSA01$h1623 979 $c20020403$lUSA01$h1653 979 $aPATRY$b90$c20040406$lUSA01$h1631 979 $aSIAVER$b90$c20040518$lUSA01$h1850 979 $aANNAMARIA$b90$c20071120$lUSA01$h1221 979 $aANNAMARIA$b90$c20131206$lUSA01$h1348 996 $aLeggenda dei mondiali e Il mestiere del calciatore$9889821 997 $aUNISA